00577nam a2200205 i 4500001000300000100001900003245006800022250001200090260005600102300002700158504001400185650001400199650002800213655003000241020001500271040000800286041000700294080002900301008004100330bg1 aMalina, Witold10aPodstawy automatycznej klasyfikacji obrazów /cWitold Malina. aWyd. 4. aGdańsk :bWydaw. Politechniki Gdańskiej,c2002. a95 s. :bil. ;c24 cm. aBibliogr. 9aAlgorytmy 9aRozpoznawanie obrazów aPodręczniki akademickie a8388007947 cBPK0 apl a004.93'1:004.421](075.8) s pl f |000 0 pol